00422nam a2200133Ia 4500100001700000942000700017366000700024245002600031260004600057300000800103546001200111999001700123952014800140 aLEELA PATIL  cBK f50 aSHIKSHANACHE ANTARANG bRAJYA MARATHI VIKAS SANSTHAaMumbaic2013 a192 aMARATHI c29063d29063 001040708AFTaCRCEbCRCEd2023-03-17eRAJYA MARATHI VIKAS SANSTHAg46.50i10775 INDENT NO.l0o pAFT8278r2023-03-17v93.00w0000-00-00yBK